PLA vlákna pre textilné účely

Salvato in:
Dettagli Bibliografici
Autore principale: Kurtulík, Martin (Autore)
Altri autori: Ujhelyiová, Anna (Relatore della tesi)
Natura: Manoscritto Libro
Lingua:slovacco
Pubblicazione: 2018
Soggetti:
Accesso online:http://is.stuba.sk/zp/portal_zp.pl?podrobnosti=137146
Tags: Aggiungi Tag
Nessun Tag, puoi essere il primo ad aggiungerne!!

MARC

LEADER 00000ntm a22000003a 4500
001 stuzp68429
003 SK-STU
005 20180602210632.8
007 ta
008 150427s2015----xo-----f-mn---000-0-slo-d
040 |a STU  |b slo 
041 0 |a slo 
100 1 |a Kurtulík, Martin  |u 049370  |4 aut  |U FCHPT Ústav prírodných a syntetických polymérov  |T FCHPT Oddelenie plastov, kaučuku a vlákien  |X 60322  |U C9370  |Y 128  |7 60322 
242 0 1 |a PLA fibres for textile applications  |y eng 
245 1 0 |a PLA vlákna pre textilné účely 
260 |c 2018 
650 4 |a fluorescenčný pigment  |2 slo 
650 4 |a PLA vlákna  |2 slo 
650 4 |a halloyzit  |2 slo 
650 4 |a mechanické, termomechanické a koloristické vlastnosti  |2 slo 
650 4 |a PLA fibers  |2 eng 
650 4 |a fluorescent pigment  |2 eng 
650 4 |a halloysite  |2 eng 
650 4 |a mechanical, thermomechanical and coloristic properties  |2 eng 
700 1 |a Ujhelyiová, Anna  |u 049370  |k Z1  |4 ths  |U FCHPT Ústav prírodných a syntetických polymérov  |T FCHPT Oddelenie plastov, kaučuku a vlákien  |X 3983  |U C9370  |Y 128  |7 A000003983 
856 4 |u http://is.stuba.sk/zp/portal_zp.pl?podrobnosti=137146